Official name of countries in native language - Statistics

General Stats
  • This quiz has been taken 22 times
  • The average score is 169 of 196
Answer Stats
Native language English % Correct
République de Guinée Guinea
100%
Монгол Улс / ᠮᠣᠩᠭᠣᠯ ᠤᠯᠤᠰ (Mongol Uls) Mongolia
100%
République du Niger Niger
100%
Republic of Zambia Zambia
100%
Republik Österreich Austria
93%
Estado Plurinacional de Bolivia | Bulibiya Mama Llaqta |Wuliwya Suyu Bolivia
93%
سلطنة عُمان (Saltanat ʿUmān) Oman
93%
República Bolivariana de Venezuela Venezuela
93%
الجمهوريّة اليمنية (Al-Jumhūriyyah al-Yamaniyyah) Yemen
93%
د افغانستان اسلامي جمهوریت (De Afġānistān Islāmī Jomhoriyat)|جمهوری اسلامی افغانستان (Jomhūrī-ye Eslāmī-ye Afġānistān) Afghanistan
87%
Republika e Shqipërisë Albania
87%
الجمهورية الجزائرية الديمقراطية الشعبية (Al-Jumhūrīyah al-Jazā'irīyah ad-Dīmuqrāṭīyah ash-Sha`bīyah)| ⵟⴰⴳⴷⵓⴷⴰ ⵜⴰⵎⴻⴳⴷⴰⵢⵜ ⵜⴰⵖⴻⵔⴼⴰⵏⵜ ⵜⴰⵣⵣⴰⵢⵔⵉⵜ (Tagduda tamegdayt taɣerfant tazzayrit) Algeria
87%
Principat d'Andorra Andorra
87%
República de Angola Angola
87%
Antigua and Barbuda Antigua and Barbuda
87%
República Argentina Argentina
87%
Commonwealth of Australia Australia
87%
Azərbaycan Respublikası Azerbaijan
87%
Commonwealth of The Bahamas Bahamas
87%
مملكة البحرين (Mamlakat al-Baḥrayn) Bahrain
87%
গণপ্রজাতন্ত্রী বাংলাদেশ (Gônoprojatontri Banglādeś) Bangladesh
87%
Barbados Barbados
87%
Беларусь (Bjelarúś) | Белоруссия (Belorussija) Belarus
87%
Koninkrijk België | Royaume de Belgique | Königreich Belgie Belgium
87%
Belize Belize
87%
République du Bénin Benin
87%
འབྲུག་ རྒྱལ་ཁབ་ (Druk Gyal khab) Bhutan
87%
Bosna i Hercegovina | Босна и Херцеговина Bosnia and Herzegovina
87%
Lefatshe la Botswana Botswana
87%
República Federativa do Brasil Brazil
87%
Negara Brunei Darussalam Brunei
87%
Република България (Republika Bălgarija) Bulgaria
87%
Burkina Faso Burkina Faso
87%
Republika y'Uburundi | République du Burundi Burundi
87%
កម្ពុជា - ព្រះរាជាណាចក្រ កម្ពុជា (Preah Reachea Nachakr Kampuchea) Cambodia
87%
République du Cameroun Cameroon
87%
Canada Canada
87%
República de Cabo Verde Cape Verde
87%
República de Chile Chile
87%
中华人民共和国 (Zhōnghuá Rénmín Gònghéguó) China
87%
República de Colombia Colombia
87%
Udzima wa Komori | Union des Comores |اتحاد القمر (Ittihād al-Qumur) Comoros
87%
República de Costa Rica Costa Rica
87%
Republika Hrvatska Croatia
87%
República de Cuba Cuba
87%
Κυπριακή Δημοκρατία (Kypriakí Dimokratía) |Kıbrıs Cumhuriyeti Cyprus
87%
Česko Czechia
87%
Kongeriget Danmark Denmark
87%
جمهورية جيبوتي (Jumhūrīyat Jībūtī) Djibouti
87%
Commonwealth of Dominica Dominica
87%
República Dominicana Dominican Republic
87%
République Démocratique du Congo DR Congo
87%
Repúblika Demokrátika Timor Lorosa'e | República Democrática de Timor-Leste East Timor
87%
República del Ecuador Ecuador
87%
República de El Salvador El Salvador
87%
República de Guinea Ecuatorial Equatorial Guinea
87%
Umbuso weSwatini eSwatini
87%
Matanitu Tu-Vaka-i-koya ko Viti | फ़िजी गणराज्य/فِجی رپبلک (Fijī Ripablik) Fiji
87%
Suomen Tasavalta | Republiken Finland Finland
87%
République Française France
87%
Federated States of Micronesia F S Micronesia
87%
République Gabonaise Gabon
87%
Republic of the Gambia Gambia
87%
Bundesrepublik Deutschland Germany
87%
Republic of Ghana Ghana
87%
Ελληνική Δημοκρατία (Ellinikí Dimokratía) Greece
87%
Grenada Grenada
87%
República de Guatemala Guatemala
87%
Co-operative Republic of Guyana Guyana
87%
Repiblik d'Ayiti Haiti
87%
República de Honduras Honduras
87%
Magyarország Hungary
87%
Lýðveldið Ísland Iceland
87%
भारत गणराज्य (Bhārat Ganarājya) India
87%
Republik Indonesia Indonesia
87%
جمهوری اسلامی ایران (Jomhūri-ye Eslāmi-ye Īrān) Iran
87%
جمهورية العراق (Jumhūrīyat Al-`Irāq) Iraq
87%
מדינת ישראל (Medinat Yisra'el) | دولة اسرائيل (Dawlat Isrā'īl) Israel
87%
Repubblica Italiana Italy
87%
République de Côte d'Ivoire Ivory Coast
87%
Jamaica Jamaica
87%
日本国 (NIppon-Koku) Japan
87%
Қазақстан Республикасы (Qazaqstan Respublikası) Kazakhstan
87%
Jamhuri ya Kenya Kenya
87%
Ribaberikin Kiribati Kiribati
87%
Republika e Kosovës | Република Косово (Republika Kosovo) Kosovo
87%
دولة الكويت (Dawlat al-Kuwayt) Kuwait
87%
Кыргыз Республикасы (Qırğız Respublikası) Kyrgyzstan
87%
ສາທາລະນະລັດ ປະຊາທິປະໄຕ ປະຊາຊົນລາວ(Sathalanalat Paxathipatai Paxaxon Lao) Laos
87%
Latvijas Republika Latvia
87%
الجمهوريّة البنانيّة (Al-Jumhūriyyah al-Lubnāniyyah) Lebanon
87%
Mmuso wa Lesotho Lesotho
87%
Republic of Liberia Liberia
87%
دولة ليبيا (Dawlat al-Lībiyā) Libya
87%
Fürstentum Liechtenstein Liechtenstein
87%
Lietuvos Respublika Lithuania
87%
Groussherzogdem Lëtzebuerg | Grand-Duché du Luxembourg |Großherzogtum Luxemburg Luxembourg
87%
Repoblikan'i Madagasikara | Madagascar
87%
Mfuko la Malaŵi Malawi
87%
Malaysia Malaysia
87%
ހިވެދި ގުޖޭއްރާ ޔާއްރިހޫމްޖ (Divehi Rājje ge Jumhuriyyā) Maldives
87%
République du Mali Mali
87%
Repubblika ta' Malta Malta
87%
الجمهورية الإسلامية الموريتانية (l-Jumhūriyyah al-Islāmiyyah al-Mūrītāniyyah) Mauritania
87%
Estados Unidos Mexicanos Mexico
87%
Republica Moldova Moldova
87%
República de Moçambique Mozambique
87%
ပြည်ထောင်စု သမ္မတ မြန်မာနိုင်ငံတော် (Pyi-daung-zu Myan-ma Naing-ngan-daw) Myanmar
87%
Republic of Namibia Namibia
87%
Republik Naoero Nauru
87%
सङ्घीय लोकतान्त्रिक गणतन्त्र नेपाल (Saṅghīya Lokatāntrika Gaṇatantra Nepāla) Nepal
87%
Koninkrijk der Nederlanden Netherlands
87%
República de Nicaragua Nicaragua
87%
Federal Republic of Nigeria Nigeria
87%
조선민주주의인민공화국 (Chosŏn Minjujuŭi Inmin Konghwaguk) North Korea
87%
Република Северна Македонија (Respublika Severna Makedonija) North Macedonia
87%
Kongeriket Norge Norway
87%
اسلامی جمہوریۂ پاکستان (Islami Jumhuriyah Pākistān) Pakistan
87%
Panamá Panama
87%
Têta Paraguái Paraguay
87%
Republika ng Philipinas Philippines
87%
Rzeczpospolita Polska Poland
87%
República Portuguesa Portugal
87%
دولة قطر (Dawlat Qatar) Qatar
87%
République du Congo Republic of the Congo
87%
România Romania
87%
Российская Федерация (Rossijskaja Federacija) Russia
87%
Repubulika y'u Rwanda Rwanda
87%
Federation of Saint Christopher and Nevis Saint Kitts and Nevis
87%
Saint Lucia Saint Lucia
87%
Saint Vincent and the Grenadines Saint Vincent and the Grenadines
87%
Mālo Tuto'atasi o Sāmoa Samoa
87%
Repubblica di San Marino San Marino
87%
República Democrática de São Tomé e Príncipe São Tomé and Príncipe
87%
المملكة العربيّة السّعوديّة (Al-Mamlakah al-'Arabiyyah as-Sa'ūdiyyah) Saudi Arabia
87%
République du Sénégal Senegal
87%
Република Србијa (Republika Srbija) Serbia
87%
Republic of Sierra Leone Sierra Leone
87%
Republik Singapura | 新加坡共和国 (Xīnjīapō Gònghéguó) | சிங்கப்பூர் குடியரசு (Ciŋkappūr Kudiyarasu) Singapore
87%
Slovenská Republika Slovakia
87%
Republika Slovenija Slovenia
87%
Solomon Islands Solomon Islands
87%
Jamhuuriyadda Soomaaliya |جمهورية الصومال (Jumhūriyyat aṣ-Ṣūmāl) Somalia
87%
대한민국 (Daehan Minguk) South Korea
87%
Reino de España Spain
87%
ශ්රී ලංකා ප්රජාතාන්ත්රික සමාජවාදී ජනරජය (Sri Lankā Prajathanthrika Samajavadi Janarajaya) | இலங்கை ஜனநாயக சமத்துவ குடியரசு (Illankai Chananaayaka Chosalisa Kudiyarasu) Sri Lanka
87%
جمهورية السودان (Jumhūrīyat as-Sūdān) Sudan
87%
Republiek Suriname Suriname
87%
Konungariket Sverige Sweden
87%
Schweizerische Eidgenossenschaft | Confédération Suisse |Confederazione Svizzera | Confederaziun Svizra Switzerland
87%
الجمهوريّة العربيّة السّوريّة (Al-Jumhūriyyah al-'Arabiyyah as-Sūriyyah) Syria
87%
中華民國 (Zhōnghuá Mínguó) Taiwan
87%
Ҷумҳурии Тоҷикистон (Jumhurii Tojikiston) Tajikistan
87%
Jamhuri ya Muungano wa Tanzania Tanzania
87%
ราชอาณาจักรไทย (Rātcha Anāchak Thai) Thailand
87%
République Togolaise Togo
87%
Pule'anga Fakatu'i 'o Tonga Tonga
87%
Republic of Trinidad and Tobago Trinidad and Tobago
87%
الجمهورية التونسية (Al-Jumhūriyyah at-Tūnisiyyah) Tunisia
87%
Türkiye Cumhuriyeti Turkey
87%
Türkmenistan Turkmenistan
87%
Tuvalu Tuvalu
87%
Jamhuri ya Uganda Uganda
87%
Україна (Ukraïna) Ukraine
87%
الإمارات العربيّة المتّحدة (Al-Imārāt Al-`Arabiyyah Al-Muttahidah) United Arab Emirates
87%
United Kingdom of Great Britain and Northern Ireland United Kingdom
87%
United States of America United States of America
87%
República Oriental del Uruguay Uruguay
87%
Ўзбекистон Республикаси (O‘zbekiston Respublikasi) Uzbekistan
87%
Ripablik blong Vanuatu Vanuatu
87%
Status Civitatis Vaticanæ | Stato della Città del Vaticano Vatican City
87%
Cộng hòa Xã hội Chủ nghĩa Việt Nam Vietnam
87%
Nyika yeZimbabwe | Dziko la Zimbabwe | Lefatshe la Zimbabwe | IRiphabhlikhi yaseZimbabwe Zimbabwe
87%
Ködörösêse tî Bêafrîka Central African Republic
80%
جمهوريّة تشاد (Jumhūriyyat Tašād) Chad
80%
جمهوريّة مصرالعربيّة (Jumhūriyyat Mişr al-`Arabiyyah) Egypt
80%
ሃግሬ ኤርትራ (Hagere Ertra) | دولة إرتريا (Dawlat Iritriyā) Eritrea
80%
የኢትዮጵያ ፈደራላዊ ዲሞክራሲያዊ ሪፐብሊክ (Ityop'iya Federalawi Demokrasiyawi Ripeblik) Ethiopia
80%
República da Guiné-Bissau Guinea-Bissau
80%
Poblacht na hÉireann Ireland
80%
المملكة الأردنّيّة الهاشميّة (Al-Mamlakah al-Urdunniyyah al-Hāshimiyyah) Jordan
80%
Aolepān Aorōkin M̧ajeļ Marshall Islands
80%
Principatu de Munegu Monaco
80%
Црна Гора (Crna Gora) Montenegro
80%
المملكة المغربية (Al-Mamlakah al-Maġribiyyah)ⵜⴰⴳⵍⴷⵉⵜ ⵏ ⵍⵎⴰⵖⵔⵉⴱ (Tagldit n Lmaɣrib) Morocco
80%
Aotearoa New Zealand
80%
Independen Stet bilong Papua Niugini Papua New Guinea
80%
Repiblik Sesel Seychelles
80%
Riphabliki ra Afrika Dzonga | IRiphabhulikhi yeNingizimu Afrika |Rephaboliki ya Afrika-Borwa | IRiphabliki yaseMzantsi Afrika South Africa
80%
Republic of South Sudan South Sudan
80%
Հայաստանի Հանրապետություն (Hayastani Hanrapetut'yun) Armenia
73%
Eesti Vabariik Estonia
73%
საქართველო (Sak'art'velo) Georgia
73%
Repiblik Moris Mauritius
73%
Beluu er a Belau Palau
73%
Piruw Mama Llaqta | Piruw Suyu Peru
60%
No matching quizzes found
Score Distribution
Percent of People with Each Score
Percentile by Number Answered
Your Score History
You have not taken this quiz